World Capitals Containing A - Statistics

General Stats
  • This quiz has been taken 6,321 times
    6,281 since last reset
  • The average score is 115 of 150
Answer Stats
Answer % Correct
Amsterdam
93%
Washington
93%
Madrid
92%
Athens
91%
Brasilia
91%
Ottawa
91%
Paris
91%
Ankara
90%
Cairo
90%
Budapest
89%
Canberra
89%
Abu Dhabi
88%
Algiers
88%
Andorra La Vella
88%
Bucharest
88%
Buenos Aires
88%
Addis Ababa
87%
Riga
87%
Santiago
87%
Bratislava
86%
Jakarta
86%
Panama City
86%
Rabat
86%
Warsaw
86%
Baghdad
85%
Jerusalem
85%
San Marino
85%
Tallinn
85%
Zagreb
85%
Abuja
84%
Amman
84%
Bangkok
84%
Bogota
84%
Caracas
84%
Guatemala City
84%
Hanoi
84%
Islamabad
84%
Nur Sultan
84%
Valletta
84%
Accra
83%
Baku
83%
Copenhagen
83%
Havana
83%
Lima
83%
Prague
83%
Riyadh
83%
Vatican City
83%
Vienna
83%
Asuncion
82%
Kabul
82%
Manila
82%
Tehran
82%
Dakar
81%
Damascus
81%
Dhaka
81%
Vaduz
81%
Belgrade
80%
Kuala Lumpur
80%
Port au Prince
80%
Sofia
80%
Ulaanbaatar
80%
Yerevan
80%
Doha
79%
Kathmandu
79%
Nairobi
79%
Sanaa
79%
San Jose
79%
Ashgabat
78%
Kinshasa
78%
Muscat
78%
Pristina
78%
Reykjavik
78%
San Salvador
78%
Sarajevo
78%
Tashkent
78%
Khartoum
77%
La Paz
77%
Ljubljana
77%
Luanda
77%
Nicosia
77%
Paramaribo
77%
Pretoria
77%
Tirana
77%
Antananarivo
76%
Brazzaville
76%
Cape Town
76%
Harare
76%
Kuwait City
76%
Managua
76%
Monaco
76%
Pyongyang
76%
Santo Domingo
76%
Singapore
76%
Apia
75%
Asmara
75%
Chisinau
75%
Podgorica
75%
Taipei
75%
Kampala
74%
Lusaka
74%
Manama
74%
Juba
73%
Male
73%
Mogadishu
73%
Nassau
73%
Port of Spain
73%
Vientiane
73%
Bandar Seri Begawan
72%
Banjul
72%
Belmopan
72%
Dushanbe
72%
Maputo
72%
Bamako
71%
Bangui
71%
Tegucigalpa
71%
Victoria
71%
Kigali
70%
Sao Tome
70%
Castries
69%
Praia
69%
Suva
69%
Gaborone
68%
Bissau
67%
Dodoma
67%
Yaounde
67%
Basseterre
66%
Monrovia
66%
Port Vila
66%
Sri Jayawardenepura Kotte
66%
Maseru
65%
Funafuti
64%
Honiara
64%
Naypyidaw
64%
NDjamena
64%
Ouagadougou
64%
Saint Georges
64%
Saint Johns
64%
Yaren
64%
Mbabane
63%
Niamey
63%
Roseau
63%
Conakry
62%
Malabo
62%
Nouakchott
62%
Yamoussoukro
61%
Majuro
60%
Nuku'alofa
59%
Palikir
59%
South Tarawa
56%
Gitega
55%
No matching quizzes found
Score Distribution
Percent of People with Each Score
Percentile by Number Answered
Your Score History
You have not taken this quiz since the last reset